000 01531cam a2200337 a 4500
999 _c16998
_d16998
008 040714s2006 maua b 001 0 eng
010 _a 2004110351
020 _a0618474021
020 _a9780618474028
050 0 0 _aLC4704 .L48 2006
100 1 _aLerner, Janet W.
245 1 0 _aLearning disabilities and related disorders :
_bcharacteristics and teaching strategies /
_cJanet W. Lerner with Frank Kline.
250 _a10th ed.
260 _aBoston :
_bHoughton Mifflin,
_cc2006.
300 _axxvii, 549, 19, 10, 24, 22 p. :
_bill. ;
_c24 cm.
504 _aIncludes bibliographical references (R/1-R/24) and indexes.
650 0 _aLearning disabilities.
650 0 _aLearning disabled children
_xEducation.
700 1 _aKline, Frank M.
700 1 _aLerner, Janet W.
942 _2lcc
_cBOOKS
_hLC4704 .L48 2006